00776cam a2200205 a 450000500170000000800410001702000180005804000490007604100080012524500860013326000660021930000570028549000310034250400530037365000230042665000250044965000250047465000360049970000350053520140903175022.0121115s2013 xxuadb frn 001 0 eng d a9780470673249 aCO-BoUCMbspacJavier GarzóndHenry Ríos0 aeng04aThe handbook of global climate and environment policyceditado por Robert Falkner aHoboken (Nueva Jersey, Estados Unidos)bWiley-Blackwellc2013 axv, 530 páginascilustraciones, gráficas y mapas0 aHandbooks of global policy aIncluye referencias bibliográficas e índices 4aCambio climático 7aEconomía ambiental 7aPolítica ambiental 7aProtección del medio ambiente1 aFalkner, Robertd1967-eeditor